MARC

LEADER 00000nam0a2200000 4500
001 294722
005 20231102000730.0
020 |a RU  |b 84-12718 
035 |a (RuTPU)RU\TPU\book\319795 
090 |a 294722 
100 |a 20150515d1984 k y0rusy5003 ca 
101 0 |a rus 
102 |a RU 
105 |a a z 001zy 
200 1 |a Вековые геомагнитные вариации  |f Ю. Д. Калинин  |g Академия наук СССР (АН СССР), Сибирское отделение (СО), Институт физики им. Л. В. Киренского (ИФ) ; под ред. Н. П. Беньковой 
210 |a Новосибирск  |c Наука  |d 1984 
215 |a 159 с.  |c ил. 
320 |a Библиогр.: с. 123-153 
320 |a Именной указатель: с. 154-158 
606 1 |a Магнитное поле Земли  |x Вариации  |2 stltpush  |3 (RuTPU)RU\TPU\subj\40791  |9 60622 
610 1 |a геомагнитные вариации 
610 1 |a морфология 
610 1 |a использование 
610 1 |a электропроводность 
675 |a 550.384.3  |z rus  |v 4 
700 1 |a Калинин  |b Ю. Д.  |g Юрий Дмитриевич 
702 1 |a Бенькова  |b Н. П.  |4 340 
712 0 2 |a Академия наук СССР (АН СССР)  |b Сибирское отделение (СО)  |b Институт физики им. Л. В. Киренского (ИФ)  |c (Красноярск)  |2 stltpush  |3 (RuTPU)RU\TPU\col\11386 
801 0 |a RU  |b RuMRKP  |c 19950704  |g psbo 
801 1 |a RU  |b 63413507  |c 20150515 
801 2 |a RU  |b 63413507  |c 20170724  |g RCR 
942 |c BK